Philosophie des unbewussten / (Record no. 155116)

MARC details
000 -LEADER
campo de control de longitud fija 00742nam a22002055i 4500
001 - NÚMERO DE CONTROL
campo de control 155116
003 - IDENTIFICADOR DE NÚMERO DE CONTROL
campo de control ES-MaACL
005 - FECHA Y HORA DE LA ÚLTIMA TRANSACCIÓN
campo de control 20240126063016.0
008 - DATOS DE LONGITUD FIJA--INFORMACIÓN GENERAL
campo de control de longitud fija 040722s1873 gw |||| | ger d
080 ## - NÚMERO DE LA CLASIFICACIÓN DECIMAL UNIVERSAL
Número de la Clasificación Decimal Universal 159.964.2
100 1# - ENTRADA PRINCIPAL--NOMBRE DE PERSONA
Nombre de persona Hartmann, Eduard von,
Fechas asociadas al nombre 1842-1906
9 (RLIN) 61986
245 10 - MENCIÓN DEL TÍTULO
Título Philosophie des unbewussten /
Mención de responsabilidad, etc. von Eduard von Hartmann.
250 ## - MENCION DE EDICION
Mención de edición 5. Aufl. druch. und verm.
260 ## - PUBLICACIÓN, DISTRIBUCIÓN, ETC.
Lugar de publicación, distribución, etc. Berlin :
Nombre del editor, distribuidor, etc. Carl Dunckers Verlag,
Fecha de publicación, distribución, etc. 1873 (
Lugar de fabricación/manufactura Altenburg :
Fabricante Stephan Geibel & Co.)
300 ## - DESCRIPCIÓN FÍSICA
Extensión 847 p., [1] h. de lám. ;
Dimensiones 23 cm.
599 ## - NOTA A LAS ILUSTRACIONES
NOTA A LAS ILUSTRACIONES Lám.: grab. calc.: "Stich u. Druck v. Weger, Leipzig", retrato del autor.
650 #4 - PUNTO DE ACCESO ADICIONAL DE MATERIA--TÉRMINO DE MATERIA
Término de materia o nombre geográfico como elemento de entrada Subconsciente.
9 (RLIN) 17233
852 4# - LOCALIZACIÓN
Ubicación ES-MaACL
Número de control de estantería G-2813
Nota libre - Enc. hol.
Holdings
Estatus retirado Estado de pérdida Estado de daño No para préstamo Colección Biblioteca de origen Biblioteca actual Ubicación en estantería Fecha de adquisición Fuente de adquisición Total de préstamos Signatura topográfica completa Código de barras Visto por última vez Precio de reemplazo Tipo de ítem Koha
        Libros del s. XIX Biblioteca del Ateneo de Madrid Biblioteca del Ateneo de Madrid Depósito 2 17/01/2008     G-2813 1162258 23/02/2023 23/02/2023 Libro impreso antiguo